|
|
|
|
| LEADER |
00642cam a2200181 7i4500 |
| 001 |
0000020489 |
| 005 |
20080125090000.0 |
| 020 |
0 |
0 |
|a 1108-3581
|
| 090 |
0 |
0 |
|a CD 338.74025
|b GRE [GREC]
|
| 245 |
2 |
0 |
|a Greek financial directory 2006.
|
| 260 |
0 |
0 |
|a Athens:
|b ICAP A.E,
|c 2006.
|
| 300 |
# |
# |
|a Electronic computer optical disc (CD-ROM).
|
| 650 |
0 |
0 |
|a Business --
|x Directories --
|z Greece
|
| 650 |
0 |
0 |
|a Exporters --
|x Directories --
|z Greece
|
| 650 |
0 |
0 |
|a Importers --
|x Directories --
|z Greece
|
| 650 |
0 |
0 |
|a Financial services industry --
|x Directories --
|z Greece
|
| 651 |
0 |
0 |
|a Greece
|
| 999 |
|
|
|a CDR000673B
|b CD-ROM
|c AV Collection
|e Business Information Centre
|